=LDR 00000nam 2200000 4500 =001 INLIS000000000004446 =005 20130612092719 =008 ***********************************Ind** =035 ##$$0010-061300000004446 =041 ##$$a Ind =082 ##$$a F Rom K =090 ##$$a F Rom K, Wes p =100 ##$$a WEST, Tracey =245 ##$$a Pokemon Team Rocket beraksi / oleh Tracey West. -- Cet.1. -- =260 ##$$a 2000 $b Jakarta : Panda Books =300 ##$$a 88 hlm. : ilus. ; 21 cm =650 ##$$a Fiksi Kanak-Kanak =850 ##$$a NBPNMAT